| 000 | 00781cab a2200253 4500 | ||
|---|---|---|---|
| 001 | WB3232-05 | ||
| 008 | 090401t1996 xxu||||| |||| 00| 0 eng d | ||
| 035 | _a(Sirsi) u73630 | ||
| 041 | _aeng | ||
| 245 | _aMud houses set for comeback | ||
| 260 | _c1996 | ||
| 350 | _a0 | ||
| 490 |
_aScotsman _v22 August 1996, 8(1) |
||
| 520 | _aHistoric Scotland is encouraging greater use of earth as a housebuilding material. It provides the perfect environmentally friendly alternative to conventional design. | ||
| 650 | _aEARTH BUILDINGS | ||
| 650 | _aHISTORIC SCOTLAND | ||
| 650 | _aHOUSE BUILDING | ||
| 650 | _aMUD BUILDINGS | ||
| 650 | _aSCOTLAND | ||
| 690 | _aBUILT ENVIRONMENT-BUILDING MATERIALS | ||
| 690 | _aHOUSING-DEVELOPMENT | ||
| 942 | _n0 | ||
| 948 | _c04/03/1997 | ||
| 999 |
_c46505 _d46505 |
||